Curso de derecho societario /
Guardado en:
| Autor Principal: | |
|---|---|
| Formato: | Libro |
| Idioma: | Spanish |
| Publicado: |
Buenos Aires :
Hammurabi,
2015
|
| Edición: | 3a. ed. act. |
| Materias: | |
| Etiquetas: |
Agregar Etiqueta
Sin Etiquetas, Sea el primero en etiquetar este registro!
|
| LEADER | 00592nam a22001695a 4500 | ||
|---|---|---|---|
| 001 | DER.der013346 | ||
| 008 | 180615s2015####ag#||||||||||||||#||spa|| | ||
| 005 | 20241031172437.0 | ||
| 245 | 1 | 0 | |a Curso de derecho societario / |c Ricardo Nissen. |
| 250 | |a 3a. ed. act. | ||
| 260 | |a Buenos Aires : |b Hammurabi, |c 2015 | ||
| 300 | |a 634 p. | ||
| 500 | |a La Ley 19.550 con las reformas efectuadas por la Ley 26.994 y su adecuación al Código Civil y Comercial de la Nación. | ||
| 020 | |a 9789507416897 | ||
| 100 | 1 | |a Nissen, Ricardo. | |
| 653 | |a DERECHO SOCIETARIO | ||
| 859 | |a DERECHO |b BIB. DERECHO |h 346.06 |i NIS |p 008280 | ||
